| 000 | 02187nam a2200277Ia 4500 | ||
|---|---|---|---|
| 003 | OSt | ||
| 005 | 20210818085948.0 | ||
| 008 | 210310s1976 sp ad fr 000 0 spa d | ||
| 020 | _a8437500834 | ||
| 040 |
_aCO-JMCR _cCO-JMCR |
||
| 041 | 1 |
_aspa _heng |
|
| 082 | 0 | 4 |
_a338.91 / _bM481u _223 |
| 100 | 1 |
_aMeade, J. E., _917020 _eautor |
|
| 245 | 1 | 0 |
_aUna teoría neoclásica del crecimiento económico / _cJ. E. Meade ; traducción de Guillermo Ramírez Hernández |
| 250 | _aPrimera edición | ||
| 260 |
_aMadrid : _bFondo de Cultura Económica, _c1976 |
||
| 300 |
_a192 páginas : _bilustraciones y gráficas a blanco y negro ; _c21 cm. |
||
| 490 | 0 | _aSección de obras de economía | |
| 500 | _aIncluye notas a pie de página. Título origial: A Neo-Classical Theory of Economic Growth | ||
| 505 | 0 | _aTres determinaciones de la tasa de crecimiento económico -- Cambios en la tasa de crecimiento económico -- El estado de crecimiento económico estable -- La economía sobrepoblada -- Un tratamiento alternativo del progreso técnico -- La rigidez de la maquinaria -- El precio de los bienes de capital -- Depreciación y remplazo | |
| 520 | 3 | _a'Me gustaría comenzar esta recensión, de una manera muy poco convencional, dando las gracias al profesor Meade por haber escrito este libro". Así subrayó el profesor J. R. Hicks, en un artículo suyo publicado en el Economic Journal, la gran importancia de este ensayo para la aclaración de las interrelaciones entre los diversos acercamientos a la teoría del crecimiento económico. Esta primera traducción al español de un libro que, en muy poco tiempo, se ha hecho ya un texto clásico, está hecha sobre la segunda edición inglesa que incorporó importantes aportaciones, especialmente, un nuevo capítulo acerca del pleno empleo, y substanciales modificaciones al capítulo que trata sobre la ecuación del crecimiento económico. El profesor Meade ha escrito también The Growing Economy, The Stationary Economy, The Controlled Economy, etcétera. | |
| 546 | _aTraducido del inglés. | ||
| 650 | 1 | 4 |
_aDesarrollo económico _917022 |
| 700 | 1 |
_aRamírez Hernández, Guillermo, _eautor _939444 |
|
| 942 |
_2ddc _cBK |
||
| 999 |
_c8352 _d8352 |
||